[Event "Team junior-boys chess final 2016"]
[Site "Sochi"]
[Date "2016.05.05"]
[Round "5.4"]
[White "Tsoi, Dmitry"]
[Black "Shemyakin, Valeriy"]
[Result "1-0"]
[WhiteElo "2127"]
[BlackElo "2077"]
[PlyCount "127"]
[EventDate "2016.05.01"]

1. e4 Nc6 2. d4 d5 3. exd5 Qxd5 4. Nf3 e5 5. Nc3 Bb4 6. Bd2 Bxc3 7. Bxc3 e4 8.
Ne5 Nxe5 9. dxe5 Ne7 10. Qxd5 Nxd5 11. Bd2 Be6 12. c4 Ne7 13. O-O-O Ng6 14. Bc3
Nf4 15. g3 Nd3+ 16. Bxd3 exd3 17. b3 O-O-O 18. Kd2 Bg4 19. Rde1 Be2 20. f4 Rhe8
21. h3 g6 22. Rh2 h5 23. Rf2 Kd7 24. Rg1 c5 25. Rgg2 Kc6 26. g4 hxg4 27. hxg4
Rh8 28. e6 Rh7 29. e7 Re8 30. Bf6 Rh1 31. f5 Rd1+ 32. Ke3 Re1 33. fxg6 fxg6 34.
Bg5 Bf1+ 35. Kd2 Ra1 36. Rg1 Rxa2+ 37. Ke3 Re2+ 38. Rxe2 dxe2 39. Kf2 a6 40.
Rg3 b5 41. Rf3 bxc4 42. bxc4 Kd7 43. Ra3 e1=Q+ 44. Kxe1 Bxc4 45. Kf2 Ke6 46.
Rh3 Bb5 47. Ke3 a5 48. Kf4 a4 49. Re3+ Kd6 50. Bf6 Rg8 51. Kg5 Be8 52. Bb2 Bb5
53. Kf6 Re8 54. Re1 Kd5 55. Rd1+ Kc4 56. Rd8 Kb3 57. Be5 c4 58. Kf7 c3 59. Rxe8
Bxe8+ 60. Kxe8 c2 61. Bf4 a3 62. Kf7 a2 63. e8=Q a1=Q 64. Qb5+ 1-0

[Event "Team junior-boys chess final 2016"]
[Site "Sochi"]
[Date "2016.05.05"]
[Round "5.4"]
[White "Pavlov, Danila"]
[Black "Tsvetkov, Andrey"]
[Result "0-1"]
[WhiteElo "2094"]
[BlackElo "2036"]
[PlyCount "116"]
[EventDate "2016.05.01"]

1. e4 c5 2. Nf3 d6 3. d4 cxd4 4. Nxd4 Nf6 5. Nc3 a6 6. Be3 e5 7. Nb3 Be6 8. Be2
Be7 9. Qd2 Nbd7 10. O-O-O Qc7 11. f4 b5 12. Bf3 Nb6 13. Bxb6 Qxb6 14. Nd5 Bxd5
15. exd5 Nd7 16. Bg4 Nf6 17. Bf3 Nd7 18. Rhe1 h6 19. Bg4 Nf6 20. Bf5 O-O 21.
Kb1 Rad8 22. g4 g6 23. fxe5 dxe5 24. Qxh6 Nxd5 25. Bd3 Qf6 26. Qh3 Rfe8 27. Nd2
Nf4 28. Qg3 Qh4 29. Qf3 Qxh2 30. Rh1 Qg2 31. Qe3 Qxg4 32. Qxe5 Bh4 33. Qc3 Nd5
34. Qb3 Bf6 35. Rhg1 Qb4 36. a3 Qxb3 37. Nxb3 Nf4 38. Rgf1 Be5 39. Nc5 Nxd3 40.
Nxd3 Bd6 41. Rf6 Kg7 42. Rdf1 Rd7 43. b3 a5 44. Ka2 Re2 45. Kb2 Rd2 46. R6f3
Rc7 47. Rc1 f5 48. b4 axb4 49. axb4 Kf6 50. Nf2 Rc4 51. Kb3 Rxb4+ 52. Kc3 Re2
53. Nd3 Rc4+ 54. Kb3 g5 55. Nb2 Rd4 56. c4 g4 57. Rff1 Rdd2 58. Rb1 Re3+ 0-1

[Event "Team junior-boys chess final 2016"]
[Site "Sochi"]
[Date "2016.05.05"]
[Round "5.4"]
[White "Stukan, Martin"]
[Black "Koren, Vladimir"]
[Result "0-1"]
[WhiteElo "1956"]
[BlackElo "1826"]
[PlyCount "68"]
[EventDate "2016.05.01"]

1. e4 e5 2. Nf3 Nc6 3. Bb5 f5 4. Nc3 fxe4 5. Nxe4 d5 6. Nxe5 dxe4 7. Qh5+ g6 8.
Nxg6 hxg6 9. Qxh8 Qd5 10. Bxc6+ bxc6 11. O-O Bf5 12. b3 O-O-O 13. Bb2 Bh6 14.
c4 Qxd2 15. Bc1 Qd4 16. Qxd4 Rxd4 17. Bxh6 Nxh6 18. h3 Nf7 19. g4 Bd7 20. Kg2
Ne5 21. Kg3 g5 22. Rfe1 c5 23. Re3 Nf3 24. a3 Bc6 25. Rc1 a5 26. a4 Kd7 27. Kg2
Ke6 28. Kf1 Ke5 29. Ke2 Kf4 30. Rd1 Be8 31. Rc3 Bg6 32. Re3 Rd3 33. Rc1 Nd4+
34. Ke1 Rxe3+ 0-1

[Event "Team junior-boys chess final 2016"]
[Site "Sochi"]
[Date "2016.05.05"]
[Round "5.4"]
[White "Babunov, Alexander"]
[Black "Tarasov, Danila"]
[Result "1-0"]
[WhiteElo "1780"]
[BlackElo "1859"]
[PlyCount "91"]
[EventDate "2016.05.01"]

1. d4 d5 2. c4 dxc4 3. e4 e5 4. Nf3 exd4 5. Nxd4 c5 6. Nc2 Qxd1+ 7. Kxd1 Be6 8.
Ne3 Nf6 9. Nc3 Nc6 10. Bxc4 O-O-O+ 11. Ke1 Bxc4 12. Nxc4 Nd4 13. Ne3 g6 14. f3
Bg7 15. Kf2 Rhe8 16. Rd1 Nd7 17. Nc4 Ne5 18. Nxe5 Bxe5 19. f4 Bc7 20. Be3 Nc2
21. Rac1 Nxe3 22. Kxe3 b6 23. Nd5 f5 24. Nf6 Re6 25. e5 h6 26. Kf3 g5 27. g3
Rf8 28. Rd2 Bd8 29. Nd5 gxf4 30. gxf4 Rg8 31. Rcd1 Reg6 32. Ne3 Rf8 33. Nxf5
Rxf5 34. Rxd8+ Kb7 35. R8d6 Rg8 36. Ke4 Rh5 37. R1d2 Rh4 38. Rf6 Rg1 39. Re2
Rd1 40. Kf5 Rd4 41. Kg6 Rhxf4 42. Rxf4 Rxf4 43. e6 Rg4+ 44. Kh7 Rf4 45. e7 Rf7+
46. Kg6 1-0

[Event "Team junior-boys chess final 2016"]
[Site "Sochi"]
[Date "2016.05.07"]
[Round "6.1"]
[White "Sokolov, Nikita Dm"]
[Black "Tsoi, Dmitry"]
[Result "1/2-1/2"]
[WhiteElo "2126"]
[BlackElo "2127"]
[PlyCount "89"]
[EventDate "2016.05.01"]

1. d4 Nf6 2. c4 e6 3. Nc3 Bb4 4. Qc2 O-O 5. Bg5 h6 6. Bh4 d5 7. a3 Bxc3+ 8.
Qxc3 Nbd7 9. e3 c6 10. f3 Re8 11. Bd3 Qc7 12. Ne2 e5 13. Bg3 exd4 14. exd4 Qd8
15. c5 Nh5 16. O-O Nxg3 17. Nxg3 Nf8 18. Rfe1 Rxe1+ 19. Rxe1 Bd7 20. Re5 b6 21.
b4 a5 22. Bc2 axb4 23. axb4 bxc5 24. bxc5 Qa5 25. Qxa5 Rxa5 26. Bf5 Be6 27. Kf2
g6 28. Bd3 Ra4 29. Ne2 Kg7 30. Re3 Bc8 31. Re8 Bd7 32. Rd8 f5 33. Ke3 Kf7 34.
g3 Ke7 35. Rb8 Ra3 36. Rb6 g5 37. Ra6 Rb3 38. Rb6 Ra3 39. Ra6 Rxa6 40. Bxa6 Ne6
41. f4 g4 42. Nc1 Be8 43. Nd3 Kd8 44. Ne5 Kc7 45. Bd3 1/2-1/2

[Event "Team junior-boys chess final 2016"]
[Site "Sochi"]
[Date "2016.05.07"]
[Round "6.1"]
[White "Tsvetkov, Andrey"]
[Black "Yarygin, Maksim"]
[Result "1/2-1/2"]
[WhiteElo "2036"]
[BlackElo "1930"]
[PlyCount "117"]
[EventDate "2016.05.01"]

1. d4 Nf6 2. c4 g6 3. Nc3 d5 4. cxd5 Nxd5 5. Bd2 Bg7 6. e4 Nxc3 7. Bxc3 O-O 8.
Qd2 c5 9. dxc5 Qxd2+ 10. Kxd2 Bxc3+ 11. Kxc3 Nd7 12. b4 a5 13. Ne2 axb4+ 14.
Kxb4 Nb8 15. Nc3 Nc6+ 16. Kb3 Be6+ 17. Kb2 Rfd8 18. Be2 Ra5 19. Rhd1 Rxd1 20.
Rxd1 Rxc5 21. Nd5 Bxd5 22. exd5 Na5 23. Rd4 b6 24. a4 Nb7 25. Bf3 b5 26. Re4
Kf8 27. axb5 Rxb5+ 28. Kc3 Nd6 29. Ra4 Rc5+ 30. Kd3 Rb5 31. Ra2 Kg7 32. Re2 Kf6
33. Rc2 Rb3+ 34. Kd4 Rb4+ 35. Kd3 Ra4 36. g3 Ra3+ 37. Rc3 Ra2 38. Rc2 Ra3+ 39.
Rc3 Ra2 40. Rc2 Rxc2 41. Kxc2 Ke5 42. Kd3 f5 43. Bg2 g5 44. h4 h6 45. hxg5 hxg5
46. Bh1 Nb5 47. Kc4 Nc7 48. Kc5 Ne8 49. Bg2 f4 50. gxf4+ gxf4 51. Bf3 Nf6 52.
Kc6 Ne4 53. Bxe4 Kxe4 54. Kd7 Kxd5 55. Kxe7 Ke5 56. Kf7 Kf5 57. f3 Ke5 58. Kg6
Ke6 59. Kg5 1/2-1/2

[Event "Team junior-boys chess final 2016"]
[Site "Sochi"]
[Date "2016.05.07"]
[Round "6.1"]
[White "Vetokhin, Ilia"]
[Black "Stukan, Martin"]
[Result "0-1"]
[WhiteElo "1799"]
[BlackElo "1956"]
[PlyCount "156"]
[EventDate "2016.05.01"]

1. d4 Nf6 2. c4 e6 3. Nc3 d5 4. Bg5 Be7 5. e3 h6 6. Bh4 O-O 7. Nf3 b6 8. Bd3
Bb7 9. O-O Nbd7 10. Qe2 c5 11. cxd5 exd5 12. Ba6 Bxa6 13. Qxa6 c4 14. Qb7 Qc8
15. Qxc8 Raxc8 16. Ne5 Rfd8 17. a4 g5 18. Bg3 Bb4 19. Nxd7 Rxd7 20. f3 Re8 21.
Bf2 Bxc3 22. bxc3 Re6 23. Rfb1 a6 24. Rb2 Rb7 25. Rab1 Kf8 26. Kf1 Ke7 27. Ke2
Kd7 28. Bg3 Kc6 29. Kd2 Nd7 30. Ke2 Ra7 31. Kd2 Ra8 32. Bf2 f5 33. Re1 Rae8 34.
Rbb1 Kb7 35. Bg3 Nf8 36. Be5 Ng6 37. f4 g4 38. g3 Ne7 39. Rb2 Nc6 40. Reb1 Na5
41. Kc2 Nb3 42. Ra2 h5 43. Rg1 Rg8 44. Kd1 h4 45. Ke1 b5 46. Kf2 Rh6 47. Kg2
Rgg6 48. Kf1 Rh5 49. a5 hxg3 50. hxg3 Rgh6 51. Rgg2 Rh1+ 52. Rg1 R6h2 53. Rag2
Nd2+ 54. Kf2 Ne4+ 55. Kf1 Nxc3 56. Bd6 Ne4 57. Bb4 c3 58. Ba3 c2 59. Bc1 Rxg1+
60. Kxg1 Rxg2+ 61. Kxg2 Nc3 62. Kf2 Na2 63. Bb2 c1=Q 64. Bxc1 Nxc1 65. Ke1 Nb3
66. Kd1 Nxa5 67. Kc2 Nc4 68. Kd3 b4 69. Kc2 Kc6 70. Kb3 Kb5 71. Ka2 a5 72. Kb3
a4+ 73. Ka2 b3+ 74. Kb1 a3 75. Ka1 a2 76. e4 dxe4 77. d5 e3 78. d6 e2 0-1

[Event "Team junior-boys chess final 2016"]
[Site "Sochi"]
[Date "2016.05.07"]
[Round "6.1"]
[White "Tarasov, Danila"]
[Black "Novikov, Roman"]
[Result "0-1"]
[WhiteElo "1859"]
[BlackElo "1711"]
[PlyCount "102"]
[EventDate "2016.05.01"]

1. e4 e6 2. f4 c5 3. Nc3 Nc6 4. Nf3 a6 5. d3 Nge7 6. g3 d5 7. Bg2 b5 8. O-O b4
9. Ne2 Bb7 10. Be3 Nc8 11. f5 dxe4 12. Ng5 Be7 13. Nxe4 Nd4 14. Bxd4 cxd4 15.
fxe6 fxe6 16. Nf4 O-O 17. Nxe6 Rxf1+ 18. Qxf1 Qb6 19. N4g5 Bxg5 20. Nxg5 Nd6
21. Bxb7 Qxb7 22. Qf4 Qe7 23. Rf1 h6 24. Nf3 Nb5 25. Ne5 Re8 26. Ng6 Qe6 27.
Qf5 Qxf5 28. Rxf5 Re6 29. Rf8+ Kh7 30. Nh4 Re1+ 31. Kf2 Ra1 32. Nf5 Rxa2 33. g4
Rxb2 34. Rf7 Rxc2+ 35. Kf3 b3 36. Rxg7+ Kh8 37. Re7 b2 38. Re8+ Kh7 39. Re7+
Kg8 40. Re8+ Kf7 41. Re1 Rc1 42. Nxh6+ Kf8 43. Re4 Rf1+ 44. Kg3 b1=Q 45. Kh4
Qxd3 46. Re6 Qe3 47. Rxa6 Nc7 48. Rb6 Rf3 49. Rb8+ Ne8 50. Rxe8+ Kxe8 51. Nf5
Rh3# 0-1

[Event "Team junior-boys chess final 2016"]
[Site "Sochi"]
[Date "2016.05.07"]
[Round "6.2"]
[White "Plaksin, Igor"]
[Black "Skatchkov, Valery"]
[Result "0-1"]
[WhiteElo "1621"]
[BlackElo "2146"]
[PlyCount "158"]
[EventDate "2016.05.01"]

1. e4 e5 2. Nf3 Nf6 3. d4 Nxe4 4. Bd3 Nc6 5. d5 Nc5 6. dxc6 e4 7. cxd7+ Bxd7 8.
Bxe4 Nxe4 9. Qe2 Qe7 10. Nbd2 Nxd2 11. Qxe7+ Bxe7 12. Bxd2 O-O-O 13. Bc3 Bc6
14. Ne5 Bxg2 15. Rg1 Bd5 16. Rxg7 Bf6 17. Rg3 Rhe8 18. Re3 Bg5 19. Re2 f6 20.
Nd3 Bf3 21. Rxe8 Rxe8+ 22. Kf1 Be2+ 23. Kg2 Rg8 24. f4 Bxf4+ 25. Kf2 Bxd3 26.
cxd3 Be5 27. Re1 Rg5 28. Re4 Bxh2 29. Re8+ Kd7 30. Rf8 Be5 31. Rf7+ Kd6 32.
Rxh7 Bxc3 33. bxc3 Ra5 34. Rf7 Rxa2+ 35. Ke3 Rc2 36. c4 a5 37. Rxf6+ Kc5 38.
Rf5+ Kb6 39. Kd4 c6 40. Rf8 Ka7 41. Rf5 Kb6 42. Rf8 Rc1 43. Ra8 Rc2 44. Rh8 a4
45. Ra8 Ra2 46. Kc3 Ra3+ 47. Kb4 Rb3+ 48. Kxa4 Rxd3 49. Rb8 Rd1 50. Kb4 Rb1+
51. Kc3 Kc5 52. Rh8 Rc1+ 53. Kb3 Re1 54. Rh5+ Kd4 55. Rh4+ Re4 56. Rh7 Re3+ 57.
Kc2 b6 58. Rh4+ Kc5 59. Kd2 Rg3 60. Kc2 Kb4 61. Kd2 Rg6 62. Kd3 Rd6+ 63. Ke3 c5
64. Rg4 Kc3 65. Rh4 Rd1 66. Kf3 Rb1 67. Ke2 Rb4 68. Kd1 Rxc4 69. Rh6 b5 70. Kc1
Kb3+ 71. Kb1 b4 72. Rh2 Rc3 73. Rg2 c4 74. Rb2+ Ka4 75. Ra2+ Ra3 76. Rh2 c3 77.
Rh8 Kb3 78. Rh3 Ra7 79. Rh2 c2+ 0-1

[Event "Team junior-boys chess final 2016"]
[Site "Sochi"]
[Date "2016.05.07"]
[Round "6.2"]
[White "Ivanov, Ilya"]
[Black "Suvorov, Aleksandr"]
[Result "0-1"]
[WhiteElo "1669"]
[BlackElo "1938"]
[PlyCount "120"]
[EventDate "2016.05.01"]

1. d4 Nf6 2. c4 g6 3. Nc3 Bg7 4. e4 d6 5. f4 O-O 6. Nf3 e5 7. fxe5 dxe5 8. d5
c6 9. Be2 b5 10. dxc6 Qxd1+ 11. Bxd1 bxc4 12. Ba4 Na6 13. Bb5 Nb4 14. O-O Be6
15. Ng5 Bg4 16. Bxc4 Nxc6 17. Nxf7 Rxf7 18. Bg5 Re8 19. Bxf6 Be6 20. Bxe6 Rxe6
21. Bxg7 Rxf1+ 22. Rxf1 Kxg7 23. Nd5 Ne7 24. Rd1 Rd6 25. Kf2 Kf7 26. Ke2 Nc6
27. Nc3 Nd4+ 28. Kf2 Ke6 29. Ne2 Rb6 30. b3 Nb5 31. Rd5 Nd6 32. Ra5 a6 33. Ke3
Rc6 34. Kd3 Nb5 35. a4 Nd6 36. Nc3 Nb7 37. Rd5 Nc5+ 38. Ke3 Nxb3 39. Ne2 Rc4
40. Rd8 Rxa4 41. Re8+ Kf6 42. Nc3 Ra3 43. Nd5+ Kf7 44. Rxe5 Nc5+ 45. Ke2 Ne6
46. Nb4 Kf6 47. Nd3 Nf4+ 48. Nxf4 Kxe5 49. Nd3+ Kxe4 50. Nc5+ Kd5 51. Nd7 Ra2+
52. Kf3 a5 53. Nf6+ Ke5 54. Nxh7 a4 55. Ke3 Rxg2 56. Nf8 a3 57. Nd7+ Kd6 58.
Nb6 Rb2 59. Nc4+ Kc5 60. Nd2 Rxd2 0-1

[Event "Team junior-boys chess final 2016"]
[Site "Sochi"]
[Date "2016.05.07"]
[Round "6.2"]
[White "Bobkov, Vadim"]
[Black "Kirushin, Ivan"]
[Result "1-0"]
[WhiteElo "1887"]
[BlackElo "1625"]
[PlyCount "123"]
[EventDate "2016.05.01"]

1. d4 d5 2. c4 c6 3. Nc3 e5 4. e3 exd4 5. exd4 Nf6 6. Nf3 Be6 7. Qb3 Qc7 8. Ng5
Bd6 9. Nxe6 fxe6 10. h3 O-O 11. Bd3 Kh8 12. O-O Nh5 13. Qc2 h6 14. Qe2 Qf7 15.
Qg4 Nf6 16. Qg6 Qxg6 17. Bxg6 dxc4 18. Re1 b5 19. Rxe6 Bc7 20. a4 b4 21. Ne4
Nd5 22. a5 Bf4 23. g3 Bc7 24. Nc5 c3 25. bxc3 Nxc3 26. Bd2 Nd5 27. Rae1 Bxa5
28. Re8 Nd7 29. Rxa8 Rxa8 30. Nxd7 Nc3 31. Ra1 Bc7 32. Bxc3 bxc3 33. Rc1 Rd8
34. Ne5 Rxd4 35. Nxc6 Rd6 36. Be4 Bb6 37. Rxc3 g5 38. Rc2 a5 39. Ra2 Re6 40.
Bf3 Rf6 41. Kg2 Rf5 42. Rb2 Bc7 43. Rb7 Bd6 44. Be4 Rc5 45. Ra7 Rc4 46. Bd5 Rc5
47. Rxa5 Rxa5 48. Nxa5 Kg7 49. Nc4 Bc7 50. Kf3 Kf6 51. Ke4 h5 52. Ne3 Bb6 53.
Bc4 Ba5 54. Be2 h4 55. g4 Be1 56. f3 Bg3 57. Bc4 Bb8 58. Nd5+ Ke6 59. Nc3+ Kd6
60. Kf5 Kc5 61. Ba6 Bf4 62. Ne4+ 1-0

[Event "Team junior-boys chess final 2016"]
[Site "Sochi"]
[Date "2016.05.07"]
[Round "6.3"]
[White "Salemgareev, Tagir"]
[Black "Nesterov, Arseniy"]
[Result "1-0"]
[WhiteElo "2235"]
[BlackElo "2273"]
[PlyCount "85"]
[EventDate "2016.05.01"]

1. d4 d5 2. Nf3 Nf6 3. c4 c6 4. e3 e6 5. Nc3 Nbd7 6. Qc2 Bd6 7. Bd3 O-O 8. O-O
Qe7 9. e4 dxc4 10. Bxc4 e5 11. Be3 b5 12. Bd3 Ng4 13. Bg5 f6 14. Bh4 exd4 15.
Ne2 c5 16. Bxb5 Bb7 17. Ng3 Bxg3 18. Bxg3 Nb6 19. Nd2 Ne5 20. Rfc1 Rac8 21.
Qb3+ Kh8 22. Qa3 a6 23. Bf1 Ned7 24. f3 f5 25. exf5 Rxf5 26. Re1 Qf8 27. Nc4
Rf6 28. Na5 Bd5 29. Qd3 Rg6 30. b3 Qd8 31. Qf5 Rf6 32. Qg5 Rf8 33. Re7 Rf7 34.
Rae1 h6 35. Qh4 Nf6 36. Rxf7 Bxf7 37. Nb7 Qd7 38. Nd6 Ra8 39. Be5 Nbd5 40. Bc4
Kh7 41. Nxf7 Qxf7 42. Bxf6 Qxf6 43. Qe4+ 1-0

[Event "Team junior-boys chess final 2016"]
[Site "Sochi"]
[Date "2016.05.07"]
[Round "6.3"]
[White "Poliakov, Artem"]
[Black "Kalabukhov, Bogdan"]
[Result "0-1"]
[WhiteElo "2168"]
[BlackElo "2056"]
[PlyCount "122"]
[EventDate "2016.05.01"]

1. c4 e6 2. Nc3 d5 3. cxd5 exd5 4. d4 c6 5. Bf4 Bd6 6. Bg3 Bf5 7. e3 Nf6 8. Bd3
Bxd3 9. Qxd3 O-O 10. Nge2 Qe7 11. O-O Nbd7 12. Rad1 Ne4 13. Bxd6 Nxd6 14. Nf4
f5 15. g3 Rae8 16. Rfe1 g5 17. Ng2 Qg7 18. f3 Qg6 19. b3 Rf7 20. Na4 Rfe7 21.
Nc5 Nxc5 22. dxc5 Nf7 23. f4 h6 24. Kf2 Re4 25. Qc3 Nd8 26. Rd4 Ne6 27. Rxe4
fxe4 28. h3 Rf8 29. Kg1 gxf4 30. exf4 Qg7 31. Qxg7+ Kxg7 32. b4 Nd4 33. Rb1 b5
34. Kf2 a5 35. Ne3 axb4 36. Rxb4 Ne6 37. Ng4 Nxc5 38. Ne5 Ra8 39. Rb2 Nd3+ 40.
Nxd3 exd3 41. Ke3 Ra3 42. Rb3 Rxa2 43. Kxd3 Ra4 44. Rc3 Rc4 45. Ra3 b4 46. Ra7+
Kg6 47. Ra6 Kf5 48. Ke3 h5 49. Ra8 Rc3+ 50. Kd4 Rxg3 51. Rf8+ Ke6 52. Kc5 b3
53. f5+ Ke7 54. Rb8 Rc3+ 55. Kd4 Rxh3 56. Ke5 Re3+ 57. Kf4 Re1 58. Kg5 Rg1+ 59.
Kh6 Kf6 60. Rf8+ Ke5 61. f6 b2 0-1

[Event "Team junior-boys chess final 2016"]
[Site "Sochi"]
[Date "2016.05.07"]
[Round "6.3"]
[White "Dudin, Gleb"]
[Black "Brin, Ilya"]
[Result "0-1"]
[WhiteElo "1857"]
[BlackElo "1817"]
[PlyCount "48"]
[EventDate "2016.05.01"]

1. d4 Nf6 2. Nf3 g6 3. Bg5 Bg7 4. c3 c5 5. Nbd2 cxd4 6. cxd4 Qb6 7. Qb3 Qxb3 8.
Nxb3 Ne4 9. Bf4 Nc6 10. a3 g5 11. Be5 Nxe5 12. Nxe5 d6 13. Nc4 Be6 14. e3 Rc8
15. Rc1 O-O 16. f3 Nf6 17. Bd3 Nd5 18. Ke2 f5 19. g3 Nf6 20. a4 f4 21. h4 Nh5
22. hxg5 Nxg3+ 23. Kd2 Nxh1 24. Rxh1 Bxc4 0-1

[Event "Team junior-boys chess final 2016"]
[Site "Sochi"]
[Date "2016.05.07"]
[Round "6.3"]
[White "Petrovskiy, Andrey"]
[Black "Dunaev, Denis"]
[Result "1-0"]
[WhiteElo "1616"]
[BlackElo "1628"]
[PlyCount "53"]
[EventDate "2016.05.01"]

1. d4 d5 2. c4 e6 3. Nc3 Nf6 4. cxd5 exd5 5. Bg5 Be7 6. e3 O-O 7. Bd3 c6 8.
Nge2 h6 9. Bh4 Nbd7 10. O-O Nb6 11. f3 Re8 12. Bf2 Bd6 13. h3 Bd7 14. e4 Bc7
15. e5 Nh7 16. Qc2 Nf8 17. f4 f6 18. Bh4 Ne6 19. exf6 gxf6 20. Bh7+ Kf8 21. Qg6
Ng7 22. Bxf6 Re7 23. Ng3 Qe8 24. Qxh6 Rf7 25. Rae1 Qc8 26. Bg6 Rxf6 27. Qh8#
1-0

[Event "Team junior-boys chess final 2016"]
[Site "Sochi"]
[Date "2016.05.07"]
[Round "6.4"]
[White "Golikov, Daniil"]
[Black "Egorov, Alexey"]
[Result "1-0"]
[WhiteElo "2152"]
[BlackElo "1817"]
[PlyCount "71"]
[EventDate "2016.05.01"]

1. d4 d5 2. c4 e6 3. Nc3 Nf6 4. cxd5 exd5 5. Bg5 Be7 6. e3 Be6 7. Bd3 Nbd7 8.
Nge2 Nh5 9. Bxe7 Qxe7 10. Qc2 c6 11. O-O Nhf6 12. f3 h5 13. e4 h4 14. e5 Nh5
15. h3 Ng3 16. Nxg3 hxg3 17. Bf5 Nf8 18. Bxe6 Nxe6 19. Ne2 g6 20. f4 Qh4 21.
Qb3 O-O-O 22. Rad1 g5 23. f5 Nf4 24. Nxf4 gxf4 25. Qf3 Qe7 26. Qxf4 Rdg8 27. a3
c5 28. Rc1 b6 29. f6 Qf8 30. Qf3 Qh6 31. dxc5 b5 32. c6 Qd2 33. Qf5+ Kb8 34.
Qd7 Qe3+ 35. Kh1 Rxh3+ 36. Qxh3 1-0

[Event "Team junior-boys chess final 2016"]
[Site "Sochi"]
[Date "2016.05.07"]
[Round "6.4"]
[White "Maraktanov, Andrey"]
[Black "Shinkevich, Maksim"]
[Result "0-1"]
[WhiteElo "1839"]
[BlackElo "1940"]
[PlyCount "70"]
[EventDate "2016.05.01"]

1. Nf3 Nf6 2. g3 g6 3. Bg2 Bg7 4. O-O O-O 5. c4 d6 6. d4 Nc6 7. Nc3 a6 8. e4
Bg4 9. Be3 Nd7 10. h3 Bxf3 11. Bxf3 e5 12. d5 Nd4 13. Bg2 c5 14. f4 exf4 15.
Bxf4 Ne5 16. b3 b5 17. cxb5 axb5 18. a4 c4 19. Nxb5 Nxb5 20. axb5 Rxa1 21. Qxa1
Nf3+ 22. Bxf3 Bxa1 23. Rxa1 Qb6+ 24. Kg2 cxb3 25. Rb1 Qxb5 26. Bxd6 Ra8 27. g4
Qd3 28. Rb2 Ra2 29. Rxa2 bxa2 30. Be5 Qd2+ 31. Kg3 Qe1+ 32. Kf4 Qc1+ 33. Kg3
Qg1+ 34. Bg2 a1=R 35. Bxa1 Qxa1 0-1

[Event "Team junior-boys chess final 2016"]
[Site "Sochi"]
[Date "2016.05.07"]
[Round "6.4"]
[White "Levdansky, Alexey"]
[Black "Abramov, Ilya"]
[Result "1-0"]
[WhiteElo "1962"]
[BlackElo "1939"]
[PlyCount "107"]
[EventDate "2016.05.01"]

1. d4 c5 2. Nf3 cxd4 3. Nxd4 Nc6 4. c4 g6 5. g3 Bg7 6. Nxc6 bxc6 7. Bg2 Nf6 8.
O-O O-O 9. Nc3 e6 10. e4 Ba6 11. Qa4 Bb7 12. Be3 d6 13. Rfd1 Qc7 14. h3 Nd7 15.
Qc2 Ne5 16. b3 f5 17. f4 Nf7 18. exf5 gxf5 19. Rac1 c5 20. Nb5 Qb6 21. Bxb7
Qxb7 22. Nxd6 Qf3 23. Qf2 Qc6 24. Nxf7 Rxf7 25. Bxc5 e5 26. fxe5 Bxe5 27. Bd4
Bxd4 28. Rxd4 Rg7 29. Rcd1 Qc7 30. Kh2 Re8 31. Re1 Rf8 32. Qf4 Qb7 33. Rd5 Qb4
34. Rf1 Rgf7 35. g4 fxg4 36. Qxg4+ Rg7 37. Rxf8+ Qxf8 38. Qd4 Qb8+ 39. Qe5 Qf8
40. Qd4 Qb8+ 41. Kh1 Qa8 42. Kh2 Qb8+ 43. Qe5 Qf8 44. Qe6+ Kh8 45. Rf5 Qa8 46.
Rd5 Qb8+ 47. Qd6 Qg8 48. Qf6 Qb8+ 49. Kh1 Qb7 50. h4 a5 51. h5 h6 52. Qxh6+ Kg8
53. Qe6+ Kh7 54. Qe4+ 1-0

[Event "Team junior-boys chess final 2016"]
[Site "Sochi"]
[Date "2016.05.07"]
[Round "6.4"]
[White "Pranizin, Evgeny"]
[Black "Zemnitskiy, Alexander"]
[Result "0-1"]
[WhiteElo "1651"]
[BlackElo "2024"]
[PlyCount "100"]
[EventDate "2016.05.01"]

1. e4 c5 2. Nf3 d6 3. d4 cxd4 4. Nxd4 Nf6 5. Nc3 a6 6. Bc4 e6 7. Bb3 Nc6 8. Be3
Bd7 9. f4 Be7 10. h3 b5 11. Qf3 Nxd4 12. Bxd4 Bc6 13. O-O-O Qc7 14. g4 Qb7 15.
Rhe1 a5 16. Bxf6 Bxf6 17. a4 bxa4 18. Nxa4 Qb4 19. g5 Be7 20. Qc3 Qxc3 21. Nxc3
O-O 22. e5 d5 23. Ba4 Rfc8 24. b3 Bb4 25. Re3 Bxc3 26. Rxc3 Bxa4 27. Rxc8+ Rxc8
28. bxa4 Rc4 29. Kd2 Rxf4 30. Rb1 g6 31. Rb5 Rxa4 32. Kd3 Kg7 33. Rc5 Rh4 34.
Rxa5 Rxh3+ 35. Kd4 Rh4+ 36. Kc5 Rc4+ 37. Kd6 Rxc2 38. Ra3 Rg2 39. Rf3 Rxg5 40.
Rf4 Rf5 41. Rh4 g5 42. Rg4 h5 43. Rd4 Rf4 44. Rd2 h4 45. Rh2 Rf3 46. Rg2 Kg6
47. Rg1 h3 48. Kc5 h2 49. Rh1 Rh3 50. Kd4 g4 0-1

[Event "Team junior-boys chess final 2016"]
[Site "Sochi"]
[Date "2016.05.08"]
[Round "7.1"]
[White "Nesterov, Arseniy"]
[Black "Golikov, Daniil"]
[Result "1/2-1/2"]
[WhiteElo "2273"]
[BlackElo "2152"]
[PlyCount "91"]
[EventDate "2016.05.01"]

1. d4 d5 2. c4 c6 3. e3 e6 4. Nf3 Nf6 5. Nbd2 Nbd7 6. Bd3 dxc4 7. Nxc4 b5 8.
Nce5 Bb7 9. O-O a6 10. a4 Nxe5 11. Nxe5 Be7 12. Be2 Nd7 13. Nd3 Qc7 14. b4 a5
15. axb5 cxb5 16. bxa5 Rxa5 17. Rxa5 Qxa5 18. Bd2 Qb6 19. Qb1 O-O 20. Bb4 Bxb4
21. Qxb4 Bc6 22. Nf4 Qb7 23. Rb1 Rb8 24. Bf1 Nf6 25. Rc1 Nd5 26. Nxd5 Bxd5 27.
Qxb5 Qxb5 28. Bxb5 g6 29. Bf1 Rb3 30. g3 Be4 31. Bg2 Rb1 32. Rxb1 Bxb1 33. e4
Kf8 34. Kf1 Bd3+ 35. Ke1 f6 36. Kd2 Ba6 37. h4 Ke7 38. Ke3 e5 39. d5 Bc8 40. f3
Kd6 41. g4 g5 42. hxg5 fxg5 43. Bf1 Kc5 44. Kd2 Bd7 45. Kc3 Ba4 46. Be2 1/2-1/2

[Event "Team junior-boys chess final 2016"]
[Site "Sochi"]
[Date "2016.05.08"]
[Round "7.1"]
[White "Shinkevich, Maksim"]
[Black "Poliakov, Artem"]
[Result "0-1"]
[WhiteElo "1940"]
[BlackElo "2168"]
[PlyCount "104"]
[EventDate "2016.05.01"]

1. d4 d6 2. c4 g6 3. Nc3 Bg7 4. e4 e5 5. Be3 Nc6 6. Nge2 exd4 7. Nxd4 Nge7 8.
Be2 O-O 9. O-O f5 10. Qd2 fxe4 11. Nxc6 Nxc6 12. Nxe4 Bf5 13. Nc3 Re8 14. Rfd1
Kh8 15. Nd5 b6 16. Bf1 Qd7 17. Bg5 Qf7 18. Rac1 Nd4 19. Re1 c6 20. Nc3 Rxe1 21.
Rxe1 Re8 22. Bh6 Rxe1 23. Bxg7+ Kxg7 24. Qxe1 Qe6 25. Qd2 Qe5 26. b3 Ne6 27.
Ne2 g5 28. b4 d5 29. b5 dxc4 30. Qd7+ Kf6 31. bxc6 c3 32. c7 Qxc7 33. Qxc7 Nxc7
34. Nxc3 Ke5 35. g3 Kd4 36. Nb5+ Nxb5 37. Bxb5 Kc5 38. a4 g4 39. f4 gxf3 40.
Kf2 Bg4 41. h3 Bxh3 42. Kxf3 h5 43. Kf4 Bg4 44. Kg5 Bd1 45. Be8 a5 46. Kf4 Kb4
47. Ke4 Bxa4 48. Bxh5 Kc3 49. Bf7 Bc2+ 50. Ke3 a4 51. g4 a3 52. g5 b5 0-1

[Event "Team junior-boys chess final 2016"]
[Site "Sochi"]
[Date "2016.05.08"]
[Round "7.1"]
[White "Brin, Ilya"]
[Black "Zemnitskiy, Alexander"]
[Result "0-1"]
[WhiteElo "1817"]
[BlackElo "2024"]
[PlyCount "118"]
[EventDate "2016.05.01"]

1. e4 c5 2. Nf3 d6 3. c3 Nf6 4. Qc2 e5 5. Bc4 Be7 6. d4 Nc6 7. dxc5 dxc5 8. O-O
O-O 9. Rd1 Qc7 10. h3 b6 11. Bg5 Bb7 12. Bxf6 Bxf6 13. Nbd2 Rfd8 14. Nf1 Na5
15. Bd5 Bxd5 16. exd5 Nc4 17. N3d2 Nd6 18. Ne4 Be7 19. Nxd6 Bxd6 20. c4 g6 21.
g4 Rf8 22. Ng3 Qd7 23. Qd2 f5 24. gxf5 gxf5 25. Qh6 e4 26. Nh5 Kh8 27. Kh1 f4
28. Nf6 Qf5 29. Ng4 Qg6 30. Qxg6 hxg6 31. Re1 Rae8 32. Re2 f3 33. Re3 Bf4 34.
Ra3 a5 35. Rb3 Kg7 36. Rxb6 Rh8 37. Rb7+ Kf8 38. Nf6 Rxh3+ 39. Kg1 Bh2+ 40. Kf1
Be5 41. Rh7 Rxh7 42. Nxh7+ Kg7 43. Ng5 Rh8 44. Ne6+ Kf6 45. Kg1 Bh2+ 46. Kf1
Rh4 47. Rd1 Rg4 48. Ke1 Rg1+ 49. Kd2 e3+ 50. Kxe3 Rxd1 51. Nxc5 Be5 52. Kxf3
Bxb2 53. Nb7 a4 54. d6 Ke6 55. d7 Kxd7 56. Nc5+ Kc6 57. Nxa4 Bd4 58. Ke2 Ra1
59. Kd3 Rxa2 0-1

[Event "Team junior-boys chess final 2016"]
[Site "Sochi"]
[Date "2016.05.08"]
[Round "7.1"]
[White "Timoshin, Mikhail"]
[Black "Petrovskiy, Andrey"]
[Result "0-1"]
[WhiteElo "1507"]
[BlackElo "1616"]
[PlyCount "60"]
[EventDate "2016.05.01"]

1. e4 c5 2. Nf3 d6 3. d4 cxd4 4. Nxd4 Nf6 5. Nc3 g6 6. Be3 Bg7 7. f3 O-O 8. Qd2
Nc6 9. Bc4 a6 10. O-O-O Bd7 11. Bb3 b5 12. g4 Na5 13. Kb1 Nc4 14. Qe2 Nxe3 15.
Qxe3 b4 16. Nce2 a5 17. Ng3 Qc7 18. c3 Rfb8 19. cxb4 a4 20. Bc2 Rxb4 21. Rd2
Qb6 22. Bd1 Nxg4 23. fxg4 Bxd4 24. Qe2 Rb8 25. b3 axb3 26. axb3 Rxb3+ 27. Bxb3
Qxb3+ 28. Rb2 Bxb2 29. Rg1 Bc3+ 30. Kc1 Qb1# 0-1